Football: Top 10 de Premier League de 2010 à 2019 - Statistiques

Statistiques générales
  • Ce quiz a été pris 864 fois
  • Le résultat moyen est 14 sur 23
Statistiques - réponses
Club % Correct
Manchester City
100%
Manchester United
99%
Arsenal
98%
Chelsea
98%
Liverpool FC
98%
Tottenham
92%
Leicester City
87%
Aston Villa
80%
West Ham
77%
Everton
75%
Newcastle
71%
Wolverhampton
64%
Crystal Palace
55%
Fulham
50%
Southampton FC
50%
Sunderland
43%
Burnley FC
37%
AFC Bournemouth
35%
Swansea City
23%
Stoke City
21%
Birmingham City
20%
West Bromwich
17%
Blackburn Rovers
15%
Aucun quiz correspondant
Distribution des résultats
% des personnes avec chaque résultat
Percentile par nombre de réponses
Votre historique - résultats
Vous n’avez pas pris ce quiz